000
00240 a2200097 4500
001
22872
100
_a
Plonsey, R
245
_a
Principles and Applications of Electromagnetic Fields
260
_a
_b
McGraw hill
_c
1961
090
_c
15477
_d
15477
942
_a
NUST-CAE
_c
M
_c
6088
999
_c
257945
_d
257945